01363nam a2200241Ia 4500001000600000003000900006008004100015040001300056040001300069041001300082100001700095100002900112245005600141245005600197250001100253260001000264260001100274260004900285300004300334500068000377650003301057650003101090E2001IT-RoPAU130308s9999 xx 000 0 und d aIT-RoPAU cIT-RoPAU aFRANCESE aGuerin Serge gCodice Aut. SPICS: 43457 aCyberpresse: la presse et l'ecrit off line, on line bCyberpresse: la Presse et L'Ecrit Off Line, On Line a1a ed. aPARIS bHermes c1996 [1° Ed.:1996 - Ed.Ling.Originale:1996] a"160 p. (prefazione: no ; testo: 160)" aCiberstampa: Stampa e scritto Off line e On Line. supporti Elettronici di Fronte Alle Crisi Dello Scritto: dal minitel Ai Nuovi supporti Elettronici.Supporti in Linea una Nuova Possibilità per Lo Scritto: Stampa su Minitel, Ciberscritto, Edizione Elettronica, Dallo scritto Allo schermo o Il Multimedia Come Modernità Postaudiovisiva, Ciberstampa Alla conquista del mercato pubblicitario . Libro e Stampa Due logiche Differenti di Fronte Ai Cd. Edizione su Internet. Stampa su Internet. rischi e Limiti della Stampa su Internet. Ciberscritto: un Anello di una Industria della Comunicazione: Rivoluzione del paesaggio Mondiale della Comunicazione. Glossario. Bibliografia. aTEORIA DELLA MULTIMEDIALITA' eCodice materia Spics: 4253